[Event "Regionalliga SO9798"]
[Site "Bayern"]
[Date "1998.??.??"]
[Round "?"]
[White "Bielmeier, Ludwig"]
[Black "Huber, Hans"]
[Result "1/2-1/2"]
[WhiteElo "2100"]
[BlackElo "2055"]

1.d4 Nf6 2.Nf3 g6 3.c4 Bg7 4.g3 O-O 5.Bg2 d6 6.O-O Nbd7 7.Nc3 e5 8.e4 Re8
9.h3 c6 10.Re1 Qb6 11.Re2 a5 12.Be3 Qc7 13.Qc2 Nf8 14.Rd1 b6 15.b3 Nh5 16.Qc1 f5
17.dxe5 dxe5 18.exf5 gxf5 19.Na4 Rb8 20.Bh6 f4 21.Bxg7 Nxg7 22.gxf4 exf4
23.Rxe8 Nxe8 24.Re1 Ng7 25.Ne5 Bb7 26.c5 b5 27.Nb2 Nfe6 28.Nbd3 Rf8 29.Nf3 Qd8
30.Qc3 Qf6 31.Qxf6 Rxf6 32.Nfe5 Nd4 33.Re4 Nge6 34.Kh1 Kg7 35.Ng4 Rf5 36.Re1 h5
37.Be4 Rg5 38.Nge5 Kf6 39.h4 Rg7 40.Bg2 Nf5 41.Bxc6 Bxc6+ 42.Nxc6 Rc7 43.Nce5 Nxh4
44.c6 Nf5 45.Nd7+ Kf7 46.N7e5+ Ke7 47.Ng6+ Kd6 48.Nde5 Nfd4 49.Rd1 Kc5 50.Kh2 Nxc6
51.Nd3+ Kb6 52.Ngxf4 Nxf4 53.Nxf4 Rf7 54.Kg3 Rf5 55.Rd6 Kc5 56.Rh6 Nb4 57.Ne6+ Kd5
58.a3 Nc2 59.Nc7+ Kd4 60.Ra6 b4 61.axb4 axb4 62.Rc6 Ne1 63.f4 Nd3 64.Rc4+ Ke3
65.Ne6 Rd5 66.Ng5 Rd4 67.Rc7  1/2-1/2

[Event "Landesliga Sued 9899"]
[Site "Bayern"]
[Date "1998.??.??"]
[Round "?"]
[White "Galow, Wolfgang"]
[Black "Daurer, Walter"]
[Result "1/2-1/2"]
[WhiteElo "2000"]
[BlackElo "2030"]

1.d4 Nf6 2.c4 g6 3.g3 Bg7 4.Bg2 O-O 5.Nf3 d6 6.O-O Nc6 7.Nc3 a6 8.b3 Rb8
9.Bb2 b5 10.d5 Na5 11.cxb5 axb5 12.Nd4 Bd7 13.a4 bxa4 14.Nxa4 e5 15.dxe6 fxe6
16.Bc3 Nb7 17.Nc6 Bxc6 18.Bxc6 Qe7 19.b4 Nd8 20.Bg2 Nf7 21.Qd2 Rb5 22.f4 Nd5
23.Bxg7 Kxg7 24.Nc3 Nxc3 25.Qxc3+ Qf6 26.Rfc1 Qxc3 27.Rxc3 Rc8 28.Bc6 Rxb4
29.Bd7 Rcb8 30.Rxc7 Rb1+ 31.Rxb1 Rxb1+ 32.Kg2 Kf6 33.Be8 Nd8 34.Rxh7 Rb7
35.Rxb7 Nxb7 36.e4 e5 37.h4 Nc5 38.Kf3 Ne6 39.Kg4 exf4 40.gxf4 Nf8 41.Kf3 Ke7
42.Bb5 Ke6 43.Ke3 Nh7 44.Be8 Nf8 45.Kd4 Ke7 46.Bb5 Ne6+ 47.Ke3 Ng7 48.Be2 Ne8
49.Kd4 Nc7 50.Bc4 Ne8 51.Bd3 Nf6 52.Be2 Nd7 53.h5 gxh5 54.Bxh5 Nf6 55.Bg6 Nd7
56.Kd5 Nf6+ 57.Kc6 Nd7 58.Kd5 Nf6+ 59.Kd4 Nd7 60.Ke3 Nf6 61.Kf3 Nd7 62.Kg4 Kf6
63.Be8 Nc5 64.Bc6  1/2-1/2

[Event "Biel op"]
[Site "Biel"]
[Date "1998.??.??"]
[Round "1"]
[White "Ditzler, Juerg"]
[Black "Nemet, Ivan"]
[Result "0-1"]
[WhiteElo "2180"]
[BlackElo "2380"]

1.d4 Nf6 2.Nf3 g6 3.c4 Bg7 4.g3 O-O 5.Bg2 d6 6.O-O c6 7.Nc3 Bf5 8.Re1 Ne4
9.Nh4 Nxc3 10.bxc3 Be6 11.Qd3 Nd7 12.Rb1 Nb6 13.d5 Bd7 14.e4 Na4 15.Be3 b6
16.Bd4 Nc5 17.Qd2 e5 18.dxe6 Bxe6 19.Bxg7 Kxg7 20.Qd4+ Qf6 21.Rbd1 Rad8 22.f4 Na4
23.f5 Qxd4+ 24.Rxd4 Bc8 25.Re3 Rfe8 26.Red3 Nc5 27.Rd2 g5 28.Nf3 Nxe4 29.f6+ Kxf6
30.Re2 d5 31.cxd5 Nxc3 32.Rxe8 Rxe8 33.Rc4 Nxd5 34.Rxc6+ Be6 35.Nd4 Nb4 36.Rc7 Re7
37.Nxe6 fxe6 38.Rc4 Nxa2 39.Be4 a5 40.Rc6 b5 41.Rc5 Rd7 42.Bf3 Rd3 43.Be4 Rc3
44.Rxb5 Rc1+ 45.Kg2 Nc3 46.Rc5 a4 47.Rc6  0-1

[Event "Biel op"]
[Site "Biel"]
[Date "1998.??.??"]
[Round "1"]
[White "Ammann, Walter"]
[Black "Sturua, Zurab"]
[Result "1/2-1/2"]
[WhiteElo "2260"]
[BlackElo "2595"]

1.d4 Nf6 2.Nf3 g6 3.g3 Bg7 4.Bg2 O-O 5.c4 d6 6.O-O Nc6 7.d5 Na5 8.Nfd2 c5
9.Nc3 a6 10.Rb1 Bd7 11.Qc2 b5 12.b3 Rb8 13.Bb2 Qc7 14.Rfe1 bxc4 15.bxc4 Rb4
16.a3 Rbb8 17.Ba1 Rxb1 18.Rxb1 Rb8 19.Nd1 e6 20.Rxb8+ Qxb8 21.Bc3 Qd8 22.Qb2 Ba4
23.Ne3 e5 24.f4 Nd7 25.Ne4 Qc7 26.f5 Nb3 27.g4 Nd4 28.Bh3 Nf6 29.Bg2 Qd8
30.Nf2 Bh6 31.Nf1 Bc1 32.Qa1 Nxe2+ 33.Kh1 Bf4 34.Bd2 Ne8 35.Bxf4 Nxf4 36.Qb2 gxf5
37.gxf5 Nf6 38.Ng3 Qc7 39.Be4 Kh8 40.h3 Be8 41.Ng4 Nxg4 42.hxg4 Qa5 43.f6 Kg8
44.Kh2 h6 45.Nf5 Qe1 46.Ng3 Kf8 47.Qb7  1/2-1/2

[Event "Bled op"]
[Site "Bled"]
[Date "1998.??.??"]
[Round "3"]
[White "Romanishin, Oleg M"]
[Black "Tratar, Marko"]
[Result "1-0"]
[WhiteElo "2570"]
[BlackElo "2420"]

1.d4 Nf6 2.Nf3 g6 3.g3 Bg7 4.Bg2 O-O 5.c4 d6 6.O-O c6 7.Nc3 a6 8.e4 b5 9.e5 Ne8
10.Qe2 Nc7 11.Rd1 d5 12.cxd5 cxd5 13.Nd2 b4 14.Na4 Bd7 15.Nc5 Bb5 16.Qe1 Nc6
17.Ndb3 a5 18.Be3 a4 19.Nc1 Na6 20.N1d3 Bxd3 21.Nxd3 e6 22.b3 axb3 23.axb3 Qb6
24.Nb2 Rfc8 25.Na4 Qb7 26.Qe2 Bf8 27.Bf1 Nc7 28.Rdc1 Na7 29.Nc5 Bxc5 30.Rxc5 Nc6
31.Rac1 Na5 32.Qc2  1-0

[Event "Cupa Dinamo"]
[Site "Brasov"]
[Date "1998.??.??"]
[Round "13"]
[White "Rogozenko, Dorin"]
[Black "Solak, Dragan"]
[Result "1/2-1/2"]
[WhiteElo "2495"]
[BlackElo "2380"]

1.Nf3 Nf6 2.c4 g6 3.d4 Bg7 4.g3 O-O 5.Bg2 d6 6.Nc3 Nbd7 7.O-O e5 8.e4 c6
9.h3 Qb6 10.c5 dxc5 11.dxe5 Ne8 12.e6 fxe6 13.Ng5 Ne5 14.f4 h6 15.fxe5 Rxf1+
16.Qxf1 hxg5 17.Bxg5 Qxb2 18.Rd1 Qxc3 19.Rd8 Qxe5 20.Rxe8+ Kh7 21.h4 Qa1
22.Qxa1 Bxa1 23.e5 Bxe5 24.Be4 Kg7 25.Re7+ Kf8 26.Bxg6 b6 27.Re8+ Kg7 28.h5 Bf6
29.Bf4 Bb7 30.Rxe6 Rd8 31.Be8 Bd4+ 32.Kg2 Bc8 33.Rg6+ Kh7 34.Rh6+ Kg7 35.Rg6+ Kh7
36.Rh6+ Kg7 37.Rg6+  1/2-1/2

[Event "Slovan op"]
[Site "Bratislava"]
[Date "1998.??.??"]
[Round "9"]
[White "Tibensky, Robert"]
[Black "Majzlan, Igor"]
[Result "1-0"]
[WhiteElo "2435"]
[BlackElo "2165"]

1.d4 Nf6 2.Nf3 g6 3.c4 Bg7 4.g3 O-O 5.Bg2 d6 6.O-O Nbd7 7.Nc3 e5 8.e4 a6
9.Re1 Rb8 10.h3 exd4 11.Nxd4 c5 12.Nc2 Ne5 13.b3 Ne8 14.Bb2 b5 15.cxb5 axb5
16.Rb1 b4 17.Nd5 Ba6 18.f4 Nd7 19.Nce3 Nb6 20.Bxg7 Nxg7 21.e5 dxe5 22.fxe5 Nxd5
23.Nxd5 Qg5 24.Qf3 Bb7 25.Nf6+ Kh8 26.Qf2 Bxg2 27.Kxg2 Nf5 28.Ne4 Qh6 29.Kh2 Nd4
30.Nxc5 Rbd8 31.Rbd1 Nf5 32.Nd7 Qg5 33.Nxf8 Rxd1  1-0

[Event "Bucharest Cup IM"]
[Site "Bucharest"]
[Date "1998.??.??"]
[Round "?"]
[White "Jianu, Vlad"]
[Black "Popescu, D."]
[Result "1/2-1/2"]
[WhiteElo "2225"]
[BlackElo "2365"]

1.d4 Nf6 2.c4 g6 3.Nf3 Bg7 4.g3 O-O 5.Bg2 d6 6.O-O Nbd7 7.Nc3 e5 8.e4 c6
9.h3 Qb6 10.c5 dxc5 11.dxe5 Ne8 12.Na4 Qa6 13.Qc2 c4 14.Bf4 b5 15.Nc3 Nc7
16.Rfd1 Ne6 17.Be3 Re8 18.Ne1 Nxe5 19.f4 Nd7 20.e5 Bf8 21.Ne4 Nec5 22.Nd6 Re6
23.b4 Na4 24.f5 Rxe5 25.fxg6 hxg6 26.Qf2 Re7 27.Bg5 Ne5 28.Bxe7 Bxe7 29.Nf3 Nd3
30.Rxd3 cxd3 31.Ne5 Qb6 32.Qxb6 axb6 33.Nxb5 Bb7 34.Nxd3 Rd8 35.Ne5 Bf6 36.Re1 cxb5
37.Bxb7 Re8 38.Nf3 Rxe1+ 39.Nxe1 Bc3 40.Nc2 Nb2 41.Bc6 Nd3 42.a3  1/2-1/2

[Event "Primavara"]
[Site "Bucharest"]
[Date "1998.??.??"]
[Round "1"]
[White "Itkis, Boris"]
[Black "Vajda, Levente"]
[Result "0-1"]
[WhiteElo "2460"]
[BlackElo "2440"]

1.d4 Nf6 2.Nf3 g6 3.g3 Bg7 4.c4 O-O 5.Bg2 d6 6.O-O Nbd7 7.Nc3 e5 8.e4 a6
9.Qc2 Rb8 10.Rd1 exd4 11.Nxd4 Re8 12.h3 h6 13.Be3 Qe7 14.Re1 Ne5 15.Nd5 Nxd5
16.cxd5 c5 17.dxc6 bxc6 18.Nxc6 Qc7 19.Rac1 Rxb2 20.Qa4 Qd7 21.Bd4 Nd3 22.Bxg7 Rxf2
23.Bc3 Rxg2+ 24.Kxg2 Qxh3+ 25.Kf3 Bg4+ 26.Ke3 Qxg3+ 27.Kd4 Nxc1 28.Qc2 Ne2+
29.Rxe2 Bxe2 30.Qxe2 Qg1+ 31.Qe3 Qd1+ 32.Kc4 Qb1 33.Qxh6 Qb5+ 34.Kd4 Qxc6  0-1

[Event "Ciocaltea mem"]
[Site "Bucharest"]
[Date "1998.??.??"]
[Round "2"]
[White "Marin, Mihail"]
[Black "Florean, Andrei"]
[Result "1-0"]
[WhiteElo "2545"]
[BlackElo "2455"]

1.Nf3 d6 2.d4 Nf6 3.c4 g6 4.g3 Bg7 5.Bg2 O-O 6.O-O c5 7.Nc3 Nc6 8.d5 Na5
9.Nd2 a6 10.Qc2 Rb8 11.b3 b5 12.Bb2 bxc4 13.bxc4 Bh6 14.f4 e5 15.dxe6 Bxe6
16.Nd5 Rxb2 17.Qxb2 Bg7 18.Qc1 Nxd5 19.cxd5 Bxa1 20.Qxa1 Bg4 21.Re1 f6 22.Qc3 Qc7
23.h3 Bc8 24.Ne4 Qd8 25.Nxd6 Qxd6 26.Qxa5 g5 27.Qd2 gxf4 28.Qxf4 Qb6 29.Rc1 Bd7
30.Kh2 Rc8 31.Rc4 Re8 32.d6 Qb2 33.Bd5+ Kg7 34.Re4 Rxe4 35.Qxe4 Qe5 36.Qxe5 fxe5
37.g4 Kf6 38.Kg3 Bb5 39.Kf3 c4 40.h4 h6 41.Ke4 c3 42.Bb3 Bd7 43.g5+ hxg5
44.hxg5+ Kxg5 45.Kxe5 Kg6 46.e4 a5 47.a4 Kg5 48.Kd5  1-0

[Event "Primavara"]
[Site "Bucharest"]
[Date "1998.??.??"]
[Round "10"]
[White "Badea, Bela"]
[Black "Itkis, Boris"]
[Result "1-0"]
[WhiteElo "2545"]
[BlackElo "2460"]

1.Nf3 g6 2.c4 Bg7 3.d4 Nf6 4.g3 O-O 5.Bg2 d6 6.O-O Nbd7 7.Nc3 e5 8.e4 exd4
9.Nxd4 Re8 10.h3 a6 11.Nb3 Rb8 12.Qc2 b6 13.Be3 Bb7 14.Rfe1 Nc5 15.Nd2 h5
16.f4 a5 17.Rad1 Nh7 18.e5 Bxg2 19.Kxg2 dxe5 20.Bxc5 bxc5 21.Nf3 Qc8 22.fxe5 Nf8
23.b3 Ne6 24.Nb5 Rd8 25.Qe4 Qb7 26.Rxd8+ Nxd8 27.Qxb7 Rxb7 28.Ng5 Ne6 29.Nxe6 fxe6
30.Nc3 Rb8 31.Na4 Rd8 32.Nxc5 Kf7 33.Re2 Ke7 34.Nb7 Ra8 35.a3 Ra6 36.Kf3 Bh6
37.Rc2 Ra7 38.Nc5 Ra8 39.Ke4 Rb8 40.Rf2 Bc1 41.Ra2 Bh6 42.Ra1 Bd2 43.Rd1 Rd8
44.h4 c6 45.a4  1-0

[Event "Budapest Nyar op"]
[Site "Budapest"]
[Date "1998.??.??"]
[Round "7"]
[White "Menk, Rolf"]
[Black "Schwalen, Peter"]
[Result "1-0"]
[WhiteElo "2180"]
[BlackElo "2230"]

1.d4 Nf6 2.c4 d6 3.Nf3 g6 4.g3 Bg7 5.Bg2 O-O 6.O-O Nc6 7.Nc3 e5 8.d5 Ne7
9.e4 Ne8 10.Ne1 f5 11.Nd3 Nf6 12.f4 Nxe4 13.Nxe4 fxe4 14.Bxe4 Bh3 15.Re1 Nf5
16.Nf2  1-0

[Event "Budapest FS06 GM"]
[Site "Budapest"]
[Date "1998.??.??"]
[Round "8"]
[White "Csom, Istvan"]
[Black "Roeder, Mathias"]
[Result "1-0"]
[WhiteElo "2460"]
[BlackElo "2435"]

1.c4 g6 2.d4 Bg7 3.Nf3 Nf6 4.g3 O-O 5.Bg2 d6 6.Nc3 Nbd7 7.O-O e5 8.b3 Re8
9.e4 exd4 10.Nxd4 a6 11.Be3 Rb8 12.f3 Nc5 13.Qc2 Bd7 14.Rad1 Qc8 15.Rfe1 Bh3
16.Nde2 Bxg2 17.Kxg2 Ne6 18.Nd4 Nc5 19.Nd5 Ncd7 20.Bf2 h5 21.Ne2 a5 22.Bd4 Nh7
23.Bxg7 Kxg7 24.Qc3+ f6 25.Qxa5 b6 26.Qd2 Ne5 27.f4 Ng4 28.Nd4 c6 29.Nc3 h4
30.h3 Nh6 31.gxh4 f5 32.Nf3 Nf6 33.e5 dxe5 34.fxe5 Nh5 35.Qd7+ Nf7 36.Ng5 Rb7
37.Qxc8 Rxc8 38.e6 Nxg5 39.hxg5 Re7 40.Kf3 Kh7 41.Na4 b5 42.Nb6 Rce8 43.Rd6 bxc4
44.bxc4 c5 45.a4 Kg8 46.Nd5  1-0

[Event "Golden Cleopatra"]
[Site "Cairo"]
[Date "1998.??.??"]
[Round "4"]
[White "Csom, Istvan"]
[Black "Hassan, Sayed Barakat"]
[Result "1/2-1/2"]
[WhiteElo "2460"]
[BlackElo "2325"]

1.Nf3 Nf6 2.c4 g6 3.d4 Bg7 4.g3 O-O 5.Bg2 d6 6.Nc3 Nc6 7.O-O a6 8.b3 Bg4
9.Bb2 Rb8 10.Rc1 e5 11.d5 Ne7 12.h3 Bd7 13.Ne1 Nh5 14.e4 Qe8 15.Ne2 f5 16.exf5 gxf5
17.f4 Ng6 18.Rc2 exf4 19.Bxg7 Kxg7 20.gxf4 Qe3+ 21.Kh2 Ngxf4 22.Nxf4 Nxf4
23.Nf3 Ng6 24.Re2 Qf4+ 25.Kh1 Qg3 26.Nd4 Rbe8 27.Ref2 f4 28.Ne2 Qe3 29.Ng1 Re5
30.Rf3 Qc5 31.Ne2 Re3 32.Nxf4 Rxf3 33.Nh5+ Kh6 34.Rxf3 Rxf3 35.Qxf3 Qd4 36.Kh2 Qe5+
37.Ng3 Qf4 38.Qe2 Qe5 39.Qxe5 Nxe5 40.Be4 b5 41.cxb5 Bxb5 42.Nf5+ Kg5 43.Kg3 Bd3
44.h4+ Kf6 45.Kf4 Bxe4 46.Kxe4 Kg6 47.Ng3 c5 48.dxc6 Nxc6 49.a3 Ne7 50.b4 Kf6
51.Nh5+ Ke6 52.Nf4+ Kd7 53.h5 Kc6 54.a4 Kd7 55.Nd5 Nxd5 56.Kxd5 h6 57.Kd4 Kc7
58.Ke4 Kc6 59.Kd3 Kc7 60.Kd4 Kd7 61.Kd5 Kc7 62.Kd4 Kb7 63.Ke3 Kc7 64.Kf4 Kc6
65.Ke4 Kc7 66.Kf5 Kc6 67.Ke6 Kc7 68.Kf6 Kc6 69.Kg6 d5 70.Kf5 Kd6 71.Kf4 Ke6
72.Ke3 Ke5 73.b5 axb5 74.axb5 d4+ 75.Kd3 Kd5  1/2-1/2

[Event "Doeberl Cup"]
[Site "Canberra"]
[Date "1998.??.??"]
[Round "7"]
[White "Davidovic, Aleksandar"]
[Black "Chapman, Mark"]
[Result "0-1"]
[WhiteElo "2410"]
[BlackElo "2360"]

1.d4 Nf6 2.c4 g6 3.Nf3 Bg7 4.g3 O-O 5.Bg2 d6 6.Nc3 c6 7.O-O Qa5 8.e4 e5 9.dxe5 dxe5
10.Qc2 Na6 11.h3 Rd8 12.Be3 Be6 13.b3 b5 14.Ng5 Bd7 15.a3 bxc4 16.b4 Qc7
17.Na4 c5 18.Nxc5 Nxc5 19.bxc5 Bc6 20.Qxc4 h6 21.Nf3 Bxe4 22.Rfd1 Qb7 23.Ne1 Bxg2
24.Nxg2 Qc6 25.a4 a6 26.Rxd8+ Rxd8 27.Ne1 Nd5 28.Rd1 Rd7 29.Nc2 Nf4  0-1

[Event "Cannes op"]
[Site "Cannes"]
[Date "1998.??.??"]
[Round "3"]
[White "Arkell, Keith C"]
[Black "Berthelot, Yannick"]
[Result "1/2-1/2"]
[WhiteElo "2455"]
[BlackElo "2285"]

1.d4 Nf6 2.Nf3 g6 3.c4 Bg7 4.g3 O-O 5.Bg2 d6 6.O-O Nbd7 7.d5 Nb6 8.Na3 a5
9.Nd4 Nfd7 10.Be3 Ne5 11.Rc1 Ng4 12.Qd2 Nxe3 13.Qxe3 Na4 14.b3 Nc5 15.Nab5 Bd7
16.Rfd1 Ra6 17.Nc3 c6 18.Rc2 Re8 19.Rcd2 Qb6 20.Rb1 Qb4 21.a3 Bxd4 22.Rxd4 Qxa3
23.Rh4 e5 24.dxe6 Bxe6 25.Qh6 Rb6 26.Ne4 Nxe4 27.Bxe4 Rxb3 28.Rxb3 Qxb3 29.Bxg6 fxg6
30.Qxh7+ Kf8 31.Rf4+ Bf5 32.g4 Re5 33.gxf5 Rxf5 34.Qh6+ Ke7 35.Re4+ Re5 36.Rg4 Qd1+
37.Kg2 Qxe2 38.Qxg6 Kd7 39.h4 a4 40.Rd4 Re6 41.Qg3 a3 42.c5 d5 43.Rg4 a2
44.Rg7+ Re7 45.Qd6+ Kc8  1/2-1/2

[Event "Ceske Budejovice op"]
[Site "Ceske Budejovice"]
[Date "1998.??.??"]
[Round "?"]
[White "Konopka, Michal"]
[Black "Praznik, Niko"]
[Result "0-1"]
[WhiteElo "2465"]
[BlackElo "2200"]

1.Nf3 g6 2.d4 Nf6 3.g3 Bg7 4.Bg2 O-O 5.c4 d6 6.Nc3 Nbd7 7.O-O e5 8.h3 c6
9.e4 Qb6 10.c5 dxc5 11.dxe5 Ne8 12.e6 fxe6 13.Ng5 Ne5 14.f4 Nf7 15.Nxf7 Rxf7
16.e5 Nc7 17.Ne4 Nd5 18.h4 Bf8 19.h5 Be7 20.Qe2 Bd7 21.Bf3 Raf8 22.Kg2 Rg7
23.hxg6 hxg6 24.b3 Qb5 25.Qb2 Rh7 26.Be2 Qb4 27.Bc4 Kg7 28.Bd2 Qb6 29.Rh1 Rfh8
30.Rxh7+ Rxh7 31.Nf2 Qd8 32.Bd3 Qh8 33.Ng4 Rh3 34.Rg1 Bd8 35.Be4 Bb6 36.Rd1 Be8
37.Bf3 Qh5 38.Qc2 Qh8 39.Qe4 Bf7 40.a4 Bd8 41.a5 Be7 42.Qe1 Rh7 43.Bc3 Rh3
44.Bb2 Rh7 45.Kg1 Kf8 46.Nf6 Rh6 47.a6 b6 48.Bg2 Bd8 49.Qe2 Rh2 50.Ng4 Rh7
51.Qc2 Qg7 52.b4 Be7 53.b5 Be8 54.bxc6 Bxc6 55.Nf6 Ne3 56.Qe2 Bxg2 57.Rd7 Bc6
58.Qxe3 Rh1+ 59.Kf2 Qh6 60.Ng4 Qh3  0-1

[Event "Ceske Budejovice op"]
[Site "Ceske Budejovice"]
[Date "1998.??.??"]
[Round "?"]
[White "Lymar, Vladimir"]
[Black "Simecek, Bohumil"]
[Result "1-0"]
[WhiteElo "2295"]
[BlackElo "2020"]

1.d4 Nf6 2.Nf3 g6 3.c4 Bg7 4.g3 O-O 5.Bg2 d6 6.O-O Nbd7 7.Nc3 e5 8.h3 c6
9.e4 Re8 10.Be3 exd4 11.Nxd4 Nc5 12.Qc2 a5 13.Rad1 Nfd7 14.b3 Qf6 15.Rfe1 Nf8
16.f4 Bd7 17.Nde2 Rad8 18.e5 Qe7 19.Bxc5 dxc5 20.Ne4 Bf5 21.N2c3 Ne6 22.Qf2 Bxe4
23.Nxe4 Nd4 24.g4 f6 25.exf6 Bxf6 26.g5 Bg7 27.Nf6+ Bxf6 28.Rxe7 Bxe7 29.Re1 Bd6
30.h4 Rxe1+ 31.Qxe1 Rf8 32.Kh1 b6 33.Bxc6 Bxf4 34.Bd5+ Kh8 35.Qe7  1-0

[Event "Ceske Budejovice op"]
[Site "Ceske Budejovice"]
[Date "1998.??.??"]
[Round "?"]
[White "Jurek, Josef"]
[Black "Stets, Dmitry"]
[Result "0-1"]
[WhiteElo "2390"]
[BlackElo "2435"]

1.d4 Nf6 2.Nf3 g6 3.c4 Bg7 4.g3 O-O 5.Bg2 d6 6.Nc3 Nbd7 7.O-O e5 8.e4 a6
9.Re1 exd4 10.Nxd4 Rb8 11.Rb1 Ne5 12.b3 c5 13.Nc2 b5 14.cxb5 axb5 15.Bg5 h6
16.Bxf6 Bxf6 17.Nd5 Bg7 18.f4 Nc6 19.b4 Nd4 20.Nxd4 Bxd4+ 21.Kh1 h5 22.Qd3 h4
23.e5 dxe5 24.fxe5 Bf5 25.Qd2 Kg7 26.bxc5 h3 27.Qxd4 hxg2+ 28.Kxg2 Be6 29.Red1 Ra8
30.Rxb5 Rxa2+ 31.Kg1 Qa8 32.Rb6 Rh8 33.h4 Qa3 34.Ne3 Re2 35.Nf1 Qf3  0-1

[Event "Creon op"]
[Site "Creon"]
[Date "1998.??.??"]
[Round "4"]
[White "Prie, Eric"]
[Black "Caminade, Christian"]
[Result "1-0"]
[WhiteElo "2470"]
[BlackElo "2195"]

1.Nf3 Nf6 2.c4 d6 3.d4 g6 4.g3 Bg7 5.Bg2 O-O 6.O-O Nc6 7.Nc3 a6 8.d5 Na5
9.b3 c5 10.dxc6 Nxc6 11.Bb2 Ne4 12.Qc1 Nxc3 13.Bxc3 Bxc3 14.Qxc3 Qa5 15.Qe3 Qh5
16.Rfd1 Kg7 17.Rac1 a5 18.h4 h6 19.Nd4 Nxd4 20.Qxd4+ Qe5 21.Qxe5+ dxe5 22.Rd5 Kf6
23.Rcd1 Bg4 24.Rb5 a4 25.Bxb7 Rad8 26.Rxd8 Rxd8 27.f3 axb3 28.axb3 Be6 29.c5 Rd2
30.Kf2 Rc2 31.Ke1 Bxb3 32.Rxb3 Rxc5 33.Rb6+ Kg7 34.Kf2 Ra5 35.Be4 Ra4 36.Bd3 h5
37.Rb7 Kf6 38.Rc7 Rb4 39.Ke3 Ra4 40.Bc4 Rb4 41.Ke4 Rb6 42.Rc5 Rb4 43.Rc6+ e6
44.Rc7 Rb6 45.g4  1-0

[Event "CZE-chT2 9899"]
[Site "CZE"]
[Date "1998.??.??"]
[Round "?"]
[White "Sykora, Robert"]
[Black "Folk, Petr"]
[Result "1/2-1/2"]
[WhiteElo "2110"]
[BlackElo "2255"]

1.Nf3 Nf6 2.c4 g6 3.d4 Bg7 4.g3 O-O 5.Bg2 d6 6.O-O Nc6 7.d5 Na5 8.Nbd2 c5
9.e4 Rb8 10.Re1 Nd7 11.Rb1 b5 12.cxb5 a6 13.b3 axb5 14.Bb2 Bxb2 15.Rxb2 f6
16.b4 Nc4 17.Nxc4 bxc4 18.b5 Qa5 19.a4 Ra8 20.Ra2 Nb6 21.Qc2 Bd7 22.Rea1 c3
23.Bf1 Ra7 24.Ra3 Rfa8 25.Rxc3 Nxa4 26.Rb3 Qc7 27.Nd4 cxd4 28.Qxc7 Rxc7 29.Rba3 Rca7
30.Bd3 Kf7 31.Kg2 Ke8 32.b6 Rb7 33.Bc2 Rxb6 34.Bxa4 Rxa4 35.Rxa4 Bxa4 36.Rxa4 d3
37.Kf3 Rb2 38.Rd4 d2 39.Ke3 g5 40.Rxd2 Rb1 41.f4 Rb3+ 42.Rd3  1/2-1/2

[Event "CZE-chT 9899"]
[Site "CZE"]
[Date "1998.??.??"]
[Round "2"]
[White "Sergeev, Vladimir"]
[Black "Lipka, Juraj"]
[Result "1/2-1/2"]
[WhiteElo "2465"]
[BlackElo "2335"]

1.d4 Nf6 2.Nf3 d6 3.g3 g6 4.Bg2 Bg7 5.c4 O-O 6.Nc3 c5 7.dxc5 dxc5 8.Qxd8 Rxd8
9.Ne5 Ne8 10.Nd3 Nd6 11.Nxc5 Nc6 12.Bxc6 bxc6 13.N5a4 Nxc4 14.b3 Nb6 15.Bb2 Bxc3+
16.Nxc3 Nd5 17.O-O-O Ba6 18.Rhe1 Nxc3 19.Bxc3 f6 20.Rd4 Rxd4 21.Bxd4 Kf7
22.Bc5 Bc8 23.Rd1 Be6 24.Rd4 a6 25.Kb2 Rb8 26.Ra4 Rb5 27.b4 Bc4 28.Ra3 Rb7
29.Re3 Rd7 30.a4 Be6 31.Kc1 Rd5 32.Rc3 Bd7 33.e4 Rh5 34.h4 g5 35.hxg5 fxg5
36.Be3 g4 37.Rd3 Ke8 38.Bb6 Re5 39.Rd4 Rh5 40.Kd2 Rh1 41.Ke3 Ra1 42.a5 Ra3+
43.Kf4 Rf3+ 44.Ke5 Rf6 45.Rc4 Rh6 46.Rc1 Rh5+ 47.Kd4 Rh2 48.Kc4 Rh5 49.Rd1 Be6+
50.Kd4 Bb3 51.Ra1 Rh2 52.Kc3 Be6 53.Rd1 Bd7 54.Be3 Rh5 55.Bc5 Be6 56.Ba7 Bd7
57.Bb6 Rh2 58.e5 Rh6 59.Be3 Rh5 60.Kd4 Be6 61.Ke4 Bd5+ 62.Kd4 Bf3 63.Rc1 Rh1
64.Rxh1 Bxh1 65.Kc5 Be4 66.e6 Bd3 67.Kxc6 Bc4 68.Kc5 Bb5 69.Kd5 Be2 70.Bb6 Bb5
71.Bc7 Be2 72.Ke5 Bc4 73.Kf5 h5 74.Bb6 Kf8 75.Bc5 Ke8 76.Bd4 Kd8 77.Bb6+ Ke8
78.Bc5 Kd8 79.Kg6 Bxe6 80.Kxh5 Bd7 81.Kg5 Ke8 82.b5 Bxb5 83.Kxg4 Kf7 84.Kg5 Bd3
85.f4 e6 86.Bd6 Bg6 87.Be5 Bd3 88.g4 Be2 89.Kh5 Bd1 90.Kg5 Be2 91.Bd6 Bd1
92.Bc7 Bb3 93.Bd8 Bd1 94.Bc7 Bb3 95.Kh4 Bd1 96.Kg3 Be2 97.Bd8 Bd1 98.g5 Bc2
99.Kf3 Bf5 100.Ke3 Bb1 101.Kd4 Bf5 102.Kc4 Be4 103.Kc5  1/2-1/2

[Event "Moravia-chT 9899"]
[Site "CZE"]
[Date "1998.??.??"]
[Round "2"]
[White "Hudecek, Jan"]
[Black "Karlik, Vladimir"]
[Result "1/2-1/2"]
[WhiteElo "2260"]
[BlackElo "2305"]

1.d4 g6 2.g3 Bg7 3.Bg2 d6 4.Nf3 Nf6 5.c4 O-O 6.Nc3 c6 7.e4 Nbd7 8.O-O e5
9.b3 h6 10.Be3 Nh7 11.d5 cxd5 12.Qxd5 Nb6 13.Qb5 Re8 14.Rfd1 Nd7 15.Qb4 Bf8
16.Rac1 d5 17.c5 d4 18.Nxd4 exd4 19.Qxd4 Bg7 20.Qb4 Qe7 21.a3 Bxc3  1/2-1/2

[Event "CZE-chT 9899"]
[Site "CZE"]
[Date "1998.??.??"]
[Round "3"]
[White "Varejcko, Josef"]
[Black "Antoniewski, Rafal"]
[Result "1/2-1/2"]
[WhiteElo "2340"]
[BlackElo "2430"]

1.d4 Nf6 2.Nf3 g6 3.g3 Bg7 4.Bg2 O-O 5.c4 d6 6.O-O Nc6 7.Nc3 a6 8.Bg5 Rb8
9.a4 a5 10.Qd2 Bg4 11.Rad1 Nd7 12.Bh6 Bxf3 13.exf3 Bxh6 14.Qxh6 e5 15.dxe5 Ncxe5
16.b3 Re8 17.f4 Ng4 18.Qh3 f5 19.Bf3 Ngf6 20.Qg2 Nc5 21.Rb1 c6 22.h3 Qd7
23.Rfd1 Rbd8 24.Qf1 Nfe4 25.Nxe4 fxe4 26.Be2 Qf5 27.Bg4 Qf6 28.Qe1 b6 29.Qe3 d5
30.cxd5 cxd5 31.Qd4 Qxd4 32.Rxd4 Na6 33.h4 Nb4 34.Rc1 h5 35.Bd1 Rc8 36.Rxc8 Rxc8
37.Kg2 Rc5 38.g4 Nc6 39.Rd2 d4 40.gxh5 gxh5 41.Rc2 Rc3 42.Re2 e3 43.fxe3 dxe3
44.Rb2 Nb4 45.Be2 Kg7 46.Kf3 Kf6 47.Ke4 Nc2 48.Rb1 Rc7 49.Rd1 Re7+ 50.Kf3 Re6
51.Rd5 Rc6 52.Rxh5 Rc3 53.Rd5 Ne1+ 54.Ke4 Rxb3 55.Rf5+ Kg7  1/2-1/2

[Event "CZE-chT 9899"]
[Site "CZE"]
[Date "1998.??.??"]
[Round "4"]
[White "Jaworski, Miroslaw"]
[Black "Gross, David"]
[Result "0-1"]
[WhiteElo "2415"]
[BlackElo "2435"]

1.d4 Nf6 2.c4 g6 3.Nf3 Bg7 4.g3 O-O 5.Bg2 d6 6.O-O c6 7.Nc3 Qa5 8.h3 Be6
9.Qd3 Qa6 10.b3 d5 11.Ne5 Rd8 12.Bb2 dxc4 13.Nxc4 Bxc4 14.bxc4 Nbd7 15.Ne4 Nxe4
16.Qxe4 Qxc4 17.Qxe7 Bf6 18.Qe4 Re8 19.Qd3 Qxd3 20.exd3 Nb6 21.a4 Rad8 22.a5 Nd5
23.Rab1 Rd7 24.Ba1 Re2 25.a6 bxa6 26.Rfc1 Rd6 27.Rb7 Rde6 28.Be4 Re7 29.Rb8+ Kg7
30.Bb2 a5 31.Ba3 Nb4 32.Bxb4 axb4 33.Rxb4 Rd7 34.Rcc4 a5 35.Ra4 Rb7 36.Rxa5 Rb1+
37.Kg2 Rbb2 38.Ra1 Rxf2+ 39.Kg1 Rfe2 40.h4 Re3 41.Rac1 Rxg3+ 42.Kf1 Bxh4
43.Rxc6 f5 44.Rc7+ Kh6 45.Rb7 Rxb7 46.Bxb7 Rxd3 47.d5 Bg3 48.Ke2 Rd4 49.Rh1+ Kg7
50.Ke3 Be5 51.Bc6 h5 52.Ke2 Kf6 53.Rf1 g5 54.Be8 h4 55.Bd7 Bf4 56.Be6 Ke5  0-1

[Event "Moravia-chT 9899"]
[Site "CZE"]
[Date "1998.??.??"]
[Round "5"]
[White "Mlynek, Petr"]
[Black "Potomak, Vladimir"]
[Result "1-0"]
[WhiteElo "2130"]
[BlackElo "2215"]

1.d4 Nf6 2.c4 g6 3.g3 Bg7 4.Bg2 d6 5.Nf3 O-O 6.O-O Nbd7 7.Nc3 e5 8.e4 exd4
9.Nxd4 Nc5 10.h3 Re8 11.Re1 a5 12.Rb1 c6 13.Bf4 a4 14.Qd2 Nh5 15.Bg5 Qa5
16.b4 axb3 17.axb3 Bxd4 18.b4 Bxc3 19.Qxc3 Qa3 20.Qxa3 Rxa3 21.bxc5 dxc5
22.Be3 Ra5 23.Red1 Ng7 24.f4 Ne6 25.Rd6 Kf8 26.g4 Rd8 27.Rxd8+ Nxd8 28.f5 f6
29.h4 Nf7 30.Rd1 Ke7 31.Bf4 Ra4 32.Bf1 Rb4 33.Be2 b5 34.Be3 Rb2 35.Bxc5+ Ke8
36.Kf1 Ne5 37.Bd4 Rb3 38.Bxe5 fxe5 39.cxb5 cxb5 40.Rd5 Bd7 41.Rxe5+ Kf8 42.Rc5 Rb4
43.Bd3 Ra4 44.Rc7 Rd4 45.Ke2 Ke8 46.Ke3 Rb4 47.h5 gxf5 48.gxf5 Kd8 49.Rc5 Rb3
50.Kd4 h6 51.e5 Be8 52.f6 Rb4+ 53.Kc3 Rg4 54.Bf5 Rc4+ 55.Rxc4 bxc4 56.Bg6 Bb5
57.Kb4 Bd7 58.Kxc4 Be6+ 59.Kc5 Kd7 60.Be4 Bg4 61.Bd5 Bf5 62.Bf7 Bg4 63.Kd5 Bf3+
64.Kd4  1-0

[Event "Moravia-chT 9798"]
[Site "CZE"]
[Date "1998.??.??"]
[Round "5.1"]
[White "Matlak, Marek"]
[Black "Zpevak, Pavel"]
[Result "1/2-1/2"]
[WhiteElo "2430"]
[BlackElo "2380"]

1.d4 Nf6 2.Nf3 g6 3.c4 Bg7 4.g3 O-O 5.Bg2 d6 6.O-O c6 7.b3 e5 8.dxe5 dxe5
9.Ba3 Qxd1 10.Rxd1 Re8 11.Nc3 e4 12.Nd4 Nbd7 13.Bd6 Nf8 14.h3 h5 15.Rac1 Ne6
16.e3 Ng5 17.Kh2 Bd7 18.Bf4 Ngh7 19.Nde2 Bf5 20.Nd4 Bd7 21.Nde2 Bf5 22.Nd4  1/2-1/2

[Event "Moravia-chT 9798"]
[Site "CZE"]
[Date "1998.??.??"]
[Round "9.3"]
[White "Jaworski, Miroslaw"]
[Black "Simacek, Pavel"]
[Result "1-0"]
[WhiteElo "2395"]
[BlackElo "2320"]

1.d4 Nf6 2.Nf3 g6 3.c4 Bg7 4.g3 O-O 5.Bg2 d6 6.O-O Nbd7 7.Nc3 e5 8.e4 exd4
9.Nxd4 Re8 10.h3 c6 11.Be3 Nc5 12.Qc2 Qe7 13.Rfe1 Bd7 14.Rad1 a5 15.Bf4 Rad8
16.Nb3 Nxb3 17.Bxd6 Na1 18.Qb1 Qe6 19.e5 Nh5 20.Qxa1 f6 21.Nd5 fxe5 22.Nc7 Qxc4
23.Nxe8 Rxe8 24.Bxe5 Rxe5 25.Rxd7 Qc5 26.b4 Rxe1+ 27.Qxe1 Qf8 28.Qe6+ Kh8
29.Rc7 Qg8 30.Rc8 Bf8 31.Qe5+ Ng7 32.Qf6  1-0

[Event "Decin op-A"]
[Site "Decin"]
[Date "1998.??.??"]
[Round "5"]
[White "Lymar, Vladimir"]
[Black "Kernazhitsky, Leonid"]
[Result "0-1"]
[WhiteElo "2295"]
[BlackElo "2425"]

1.d4 d6 2.Nf3 g6 3.c4 Nf6 4.g3 Bg7 5.Bg2 O-O 6.O-O Nc6 7.Nc3 Bf5 8.Nh4 Bd7
9.Re1 e5 10.dxe5 Nxe5 11.b3 Bc6 12.e4 Re8 13.Rb1 a5 14.Qc2 Ned7 15.Be3 Ng4
16.Bd2 Nc5 17.Re2 Ne6 18.Nf3 Ne5 19.Be3 Nxf3+ 20.Bxf3 Qf6  0-1